000 00583nam a22001697a 4500
003 OSt
005 20171010095442.0
008 120613t xxu||||| |||| 00| 0 eng d
040 _aMMSU
_cULS
100 _aCaditan, Sherwin M.
_910257
245 _aAnalysis on the formulation of wall tile body utilizing local raw materials
_cSherwin M. Caditan
260 _c2006
300 _axiii, 59 leaves
_c28 cm.
500 _aThesis (BS Ceramic Engineering) -- Mariano Marcos State University-College of Engineering, Batac City
504 _aBibliography: leaf 47
942 _2ddc
_cTHEDIS
999 _c9556
_d9556